|
|
|
|
| LEADER |
00000nab a2200000 a 4500 |
| 001 |
vtls011116864 |
| 003 |
SK-MaSNL |
| 005 |
20260304030117.0 |
| 008 |
250310|2001 xo |||||||||||||||||slo| |
| 015 |
|
|
|a SNBRB
|
| 035 |
|
|
|a (uuid)30d9c59c-04e5-4bf4-b420-668882db51ef
|
| 035 |
|
|
|a (urnnbn)urn:nbn:sk:snk:ar-a08l50
|
| 035 |
|
|
|a urn:nbn:sk:snk-ab9nbh
|
| 040 |
|
|
|a SNKBUCL
|b slo
|c SNKBUCL
|e AACR2
|
| 041 |
0 |
|
|a slo
|
| 044 |
|
|
|a xo
|c SK
|
| 100 |
1 |
|
|a Paulová, Iveta
|4 aut
|9 41808
|
| 245 |
1 |
0 |
|a Zlepšovanie kvality metódou 5 S
|c Iveta Paulová
|
| 773 |
0 |
|
|t Kvalita : odborný časopis Slovenskej spoločnosti pre kvalitu
|g Roč. 9, č. 4 (2001), s. 13-14
|
| 958 |
|
|
|a OND
|
| 958 |
|
|
|a EUIPO
|
| 958 |
|
|
|a article13
|
| 999 |
|
|
|c 2631752
|d 2633682
|